| 000 | 01047nas a2200277 4500 | ||
|---|---|---|---|
| 001 | BR2013010556 | ||
| 003 | BR-BrBNA | ||
| 005 | 20231205123521.0 | ||
| 007 | ta | ||
| 008 | 230509b bl.|||p| |||| 00| 00por d | ||
| 040 |
_aBR-BrBNA _bpor _cBiblioteca Nacional de Agricultura |
||
| 041 | _a(Pt) | ||
| 072 | _aL60; P01 | ||
| 100 | 1 | _aRocha, E.C. | |
| 100 | 1 | _aDalponte, J.C. | |
| 245 | 1 | _aComposição e caracterização da fauna de mamíferos de médio e grande porte em uma pequena reserva de cerrado em Mato Grosso, Brasil | |
| 246 | 1 | _aComposition and characterization of the medium and large size mammal fauna in a small cerrado reserve in Mato Grosso, Brazil | |
| 650 | _aMAMÍFERO | ||
| 650 | _aFAUNA | ||
| 650 | _aLEVANTAMENTO | ||
| 650 | _aRESERVA ECOLÓGICA | ||
| 773 | 0 |
_tRevista Árvore (Brazil) _xISSN 0100-6762 _g(Jul-Aug 2006), v. 30(4) p. 669-678 _wBR2013010556 |
|
| 856 | 4 |
_uhttp://www.scielo.br/pdf/rarv/v30n4/31689.pdf _yRecurso eletrônico (PDF) |
|
| 909 |
_a202311 _bLúcia _c55 _dLúcia Elande |
||
| 942 |
_2AGRIS _n0 _cANA |
||
| 999 |
_c234309 _d234309 |
||